[Event "SVK-chT2A 2324"]
[Site "Slovakia"]
[Date "2024.01.14"]
[Round "7.7"]
[White "Scepan, Juraj"]
[Black "Laho, Tomas"]
[Result "1-0"]
[WhiteElo "1718"]
[BlackElo "1743"]
[PlyCount "65"]
[EventDate "2023.10.07"]
[EventType "team-tourn"]
[EventRounds "11"]
[EventCountry "SVK"]
[SourceTitle "EXT 2025"]
[Source "ChessBase"]
[SourceDate "2024.10.14"]
[SourceVersion "1"]
[SourceVersionDate "2024.10.14"]
[SourceQuality "1"]
[WhiteTeam "Pezinok"]
[BlackTeam "Dubravan"]
[WhiteTeamCountry "SVK"]
[BlackTeamCountry "SVK"]

1. e4 Nc6 2. d4 e5 3. d5 Nce7 4. Be2 Ng6 5. g3 Bc5 6. h4 c6 7. Nf3 d6 8. Nc3 f5 9. 0-0 f4 10. Kg2 Nh6 11. Na4 cxd5 12. Nxc5 dxc5 13. Bb5+ Bd7 14. Bxd7+ Qxd7 15. Qxd5 Qc7 16. h5 Rd8 17. Qe6+ Ne7 18. Qxe5 Qc6 19. Bxf4 0-0 20. Qxe7 Rfe8 21. Qg5 Rxe4 22. Qxd8+ Re8 23. Qd6 Qb5 24. Bxh6 gxh6 25. Qxh6 Re7 26. Qg5+ Kf8 27. Qf6+ Ke8 28. Qh8+ Kd7 29. Rad1+ Kc6 30. Qf6+ Kc7 31. Qxe7+ Kb6 32. Rd7 Ka6 33. Rfd1 1-0

[Event "SVK-chT2A 2223"]
[Site "Slovakia"]
[Date "2022.10.08"]
[Round "1.5"]
[White "Hrdlicka, Martin"]
[Black "Scepan, Juraj"]
[Result "1-0"]
[WhiteElo "1681"]
[BlackElo "1739"]
[PlyCount "79"]
[EventDate "2022.10.08"]
[EventType "team-tourn"]
[EventRounds "11"]
[EventCountry "SVK"]
[SourceTitle "CBM 210 Extra"]
[Source "ChessBase"]
[SourceDate "2022.11.30"]
[SourceVersion "1"]
[SourceVersionDate "2022.11.30"]
[SourceQuality "1"]
[WhiteTeam "Osuske II"]
[BlackTeam "Pezinok"]
[WhiteTeamCountry "SVK"]
[BlackTeamCountry "SVK"]

1. e4 e5 2. Nf3 Nf6 3. Nxe5 Nc6 4. Nxc6 dxc6 5. e5 Ng4 6. d4 c5 7. c3 cxd4 8. cxd4 Bb4+ 9. Nc3 c5 10. Bb5+ Bd7 11. Qxg4 Bxb5 12. Qxg7 Qxd4 13. Qxh8+ Kd7 14. e6+ Kxe6 15. Qxd4 cxd4 16. Bd2 dxc3 17. Bxc3 Bxc3+ 18. bxc3 Kd5 19. 0-0-0+ Kc4 20. Kb2 Bc6 21. Rhe1 Rg8 22. Re5 Rg4 23. g3 f6 24. Rf5 Re4 25. Rd2 Re5 26. Rxe5 fxe5 27. g4 Kc5 28. g5 Be8 29. h4 a5 30. Rd8 Bg6 31. Ra8 b6 32. Rc8+ Kb5 33. c4+ Ka6 34. Rc7 Bd3 35. Kc3 Bb1 36. h5 b5 37. Rc6+ Kb7 38. cxb5 Bxa2 39. g6 hxg6 40. h6 1-0

[Event "Skalica op"]
[Site "Skalica"]
[Date "2020.01.11"]
[Round "6"]
[White "Chlpek, Daniel"]
[Black "Scepan, Juraj"]
[Result "1-0"]
[WhiteElo "2001"]
[BlackElo "1751"]
[PlyCount "71"]
[EventDate "2020.01.11"]
[EventType "swiss"]
[EventRounds "9"]
[EventCountry "SVK"]
[SourceTitle "CBM 194 Extra"]
[Source "ChessBase"]
[SourceDate "2020.03.31"]
[SourceVersion "1"]
[SourceVersionDate "2020.03.31"]
[SourceQuality "1"]

1. c4 Nf6 2. Nc3 e6 3. Nf3 Bb4 4. g3 0-0 5. Bg2 c6 6. a3 Ba5 7. b4 Bc7 8. 0-0 d5 9. d3 Nbd7 10. Bb2 Nb6 11. Qb3 Qe7 12. a4 a5 13. Ba3 Nbd7 14. e4 axb4 15. Bxb4 Bd6 16. Bxd6 Qxd6 17. Rfe1 Nc5 18. Qc2 dxe4 19. dxe4 Qd3 20. Qb2 Nfxe4 21. Nxe4 Nxe4 22. Re3 Qxc4 23. Ne5 Qa6 24. Bxe4 f6 25. Bd3 Qa5 26. Nc4 Qa7 27. Nb6 Rb8 28. Bc4 Re8 29. Nxc8 Rbxc8 30. Bxe6+ Kh8 31. Bxc8 Rxc8 32. Rae1 Qa8 33. Qxb7 h6 34. Qxa8 Rxa8 35. Re8+ Rxe8 36. Rxe8+ 1-0

[Event "Skalica op"]
[Site "Skalica"]
[Date "2020.01.11"]
[Round "2"]
[White "Melich, Jindrich"]
[Black "Scepan, Juraj"]
[Result "1-0"]
[WhiteElo "2046"]
[BlackElo "1751"]
[PlyCount "83"]
[EventDate "2020.01.11"]
[EventType "swiss"]
[EventRounds "9"]
[EventCountry "SVK"]
[SourceTitle "CBM 194 Extra"]
[Source "ChessBase"]
[SourceDate "2020.03.31"]
[SourceVersion "1"]
[SourceVersionDate "2020.03.31"]
[SourceQuality "1"]

1. b4 e6 2. Bb2 Nf6 3. b5 c6 4. a4 Be7 5. c4 0-0 6. Nc3 b6 7. e3 Bb7 8. Nf3 a6 9. Be2 axb5 10. axb5 Rxa1 11. Qxa1 cxb5 12. cxb5 Qc7 13. 0-0 d5 14. Rc1 Qd6 15. Qa7 d4 16. Qxb7 dxc3 17. Bxc3 Nd5 18. Be5 Qd7 19. Qa8 Bd6 20. Qa1 Bxe5 21. Nxe5 Qd6 22. d4 Nd7 23. Nc6 Nb8 24. g3 Rc8 25. e4 Nxc6 26. exd5 Ne7 27. Rxc8+ Nxc8 28. dxe6 Qxe6 29. Bf3 g6 30. Qa8 Kg7 31. Qc6 Ne7 32. Qxe6 fxe6 33. Kf1 Kf6 34. Ke2 Nd5 35. Bxd5 exd5 36. f4 g5 37. Kf3 h5 38. h3 Kf5 39. g4+ hxg4+ 40. hxg4+ Kg6 41. fxg5 Kxg5 42. Kg3 1-0

[Event "Skalica op"]
[Site "Skalica"]
[Date "2020.01.11"]
[Round "7"]
[White "Scepan, Juraj"]
[Black "Sahidi, Shabir"]
[Result "1-0"]
[WhiteElo "1751"]
[BlackElo "1148"]
[PlyCount "97"]
[EventDate "2020.01.11"]
[EventType "swiss"]
[EventRounds "9"]
[EventCountry "SVK"]
[SourceTitle "CBM 194 Extra"]
[Source "ChessBase"]
[SourceDate "2020.03.31"]
[SourceVersion "1"]
[SourceVersionDate "2020.03.31"]
[SourceQuality "1"]

1. e4 e5 2. Nf3 Nc6 3. d4 exd4 4. Nxd4 Bc5 5. c3 Qf6 6. Qf3 Nxd4 7. cxd4 Qxf3 8. gxf3 Bxd4 9. Nc3 Bxc3+ 10. bxc3 d6 11. Bb2 Nf6 12. Rg1 Rg8 13. c4 Kf8 14. 0-0-0 Be6 15. e5 dxe5 16. Bxe5 Ke7 17. Bxc7 Rac8 18. Bd6+ Ke8 19. Re1 Kd7 20. c5 b6 21. Bb5+ Kd8 22. Ba6 Rc6 23. Bb7 Rxd6 24. cxd6 Bxa2 25. Re7 Re8 26. Rxe8+ Nxe8 27. Rd1 Kd7 28. Bc6+ Kd8 29. Kb2 Be6 30. Kc3 Bd7 31. Bb7 Be6 32. Kb4 Bd7 33. h4 f6 34. Be4 h6 35. Bg6 a5+ 36. Kc3 Bc6 37. f4 Bd7 38. Bxe8 Bxe8 39. Kc4 Kd7 40. Kb5 Ke6+ 41. Kxb6 Kd7 42. Kxa5 Kd8 43. Kb6 Kd7 44. Kc5 Bf7 45. Re1 Be6 46. Ra1 Kd8 47. Ra7 Bd7 48. Ra8+ Bc8 49. Kc6 1-0

[Event "SVK-chT2A 1819"]
[Site "Slovakia"]
[Date "2018.12.15"]
[Round "5.8"]
[White "Scepan, Juraj"]
[Black "Stevik, Patrik1"]
[Result "0-1"]
[WhiteElo "1733"]
[BlackElo "1908"]
[PlyCount "126"]
[EventDate "2018.10.13"]
[EventType "team-tourn"]
[EventRounds "11"]
[EventCountry "SVK"]
[SourceTitle "CBM 189 Extra"]
[Source "ChessBase"]
[SourceDate "2019.05.31"]
[SourceVersion "1"]
[SourceVersionDate "2019.05.31"]
[SourceQuality "1"]
[WhiteTeam "Pezinok"]
[BlackTeam "Modra II"]
[WhiteTeamCountry "SVK"]
[BlackTeamCountry "SVK"]

1. e4 c5 2. Nf3 d6 3. d4 cxd4 4. Nxd4 Nf6 5. Nc3 Nc6 6. Be3 g6 7. Be2 Bg7 8. Qd2 Ng4 9. Bxg4 Bxg4 10. f3 Bd7 11. h4 h5 12. 0-0-0 a6 13. Nb3 b5 14. Nd5 Rb8 15. Nd4 Ne5 16. Bg5 Nc4 17. Qd3 f6 18. Bd2 Nxd2 19. Rxd2 e6 20. Ne3 Qb6 21. Kb1 Bh6 22. Re1 Bf4 23. Rdd1 Bg3 24. Rh1 Bf2 25. c3 Ke7 26. Ndc2 Rhc8 27. Qd2 Bg3 28. Nf1 Qf2 29. Nxg3 Qxg3 30. Rh3 Qe5 31. Qe3 a5 32. f4 Qc5 33. e5 dxe5 34. fxe5 Qxe5 35. Qd3 Qd5 36. Qxd5 exd5 37. Re3+ Kd6 38. Red3 Be6 39. Ne3 Rc5 40. a4 bxa4 41. c4 Rb3 42. cxd5 Rxd3 43. Rxd3 Bxd5 44. Rd4 a3 45. bxa3 Ke5 46. Rd2 Be4+ 47. Kb2 Kf4 48. Nf1 a4 49. Rf2+ Ke5 50. Re2 Kd4 51. Rd2+ Bd3 52. g3 Rb5+ 53. Ka2 Kc3 54. Rf2 Bc4+ 55. Ka1 Rb3 56. Rf3+ Bd3 57. Rxd3+ Kxd3 58. Ka2 Ke2 59. Nh2 Kf2 60. g4 Kg2 61. gxh5 gxh5 62. Ng4 hxg4 63. h5 f5 0-1